书目信息 |
| 题名: |
善用小偏方,病痛全跑光
|
|
| 作者: | 王芳 编著 | |
| 分册: | ||
| 出版信息: | 天津 天津科学技术出版社 2015.10 |
|
| 页数: | 243页 | |
| 开本: | 24cm | |
| 丛书名: | ||
| 单 册: | ||
| 中图分类: | R289.2 | |
| 科图分类: | ||
| 主题词: | 土方--汇编 | |
| 电子资源: | ||
| ISBN: | 978-7-5576-0438-7 | |
| 000 | 00847nam0 2200217 450 | |
| 001 | 911 | |
| 005 | 20180926155607.10 | |
| 010 | @a978-7-5576-0438-7@dCNY29.80 | |
| 100 | @a20160203d2015 em y0chiy50 ea | |
| 101 | 0 | @achi |
| 102 | @aCN@b120000 | |
| 105 | @ay z 000yy | |
| 200 | 1 | @a善用小偏方,病痛全跑光@9shan yong xiao pian fang , bing tong quan pao guang@b专著@f王芳编著 |
| 210 | @a天津@c天津科学技术出版社@d2015.10 | |
| 215 | @a243页@d24cm | |
| 330 | @a本书非常适合慢性病或者初病的患者,所记录的小偏方的采集、制作和服用,均能因时变化,简便可行。内容分为:日常疼痛小偏方、美容私房小偏方、五官疾病小偏方、五脏护理小偏方、儿童神奇小偏方、女性护理小偏方、男性保健小偏方、老年疾病小偏方等。 | |
| 606 | 0 | @a土方@j汇编 |
| 690 | @aR289.2@v5 | |
| 701 | 0 | @a王芳@9wang fang@4编著 |
| 801 | 0 | @aCN@b91MARC@c20160302 |
| 905 | @aMuseLib@dR289.2@e441 | |
| 善用小偏方,病痛全跑光/王芳编著.-天津:天津科学技术出版社,2015.10 |
| 243页;24cm |
| ISBN 978-7-5576-0438-7:CNY29.80 |
| 本书非常适合慢性病或者初病的患者,所记录的小偏方的采集、制作和服用,均能因时变化,简便可行。内容分为:日常疼痛小偏方、美容私房小偏方、五官疾病小偏方、五脏护理小偏方、儿童神奇小偏方、女性护理小偏方、男性保健小偏方、老年疾病小偏方等。 |
| ● |
| 相关链接 |
|
|
|
|
正题名:善用小偏方,病痛全跑光
索取号:R289.2/441
 
预约/预借
| 序号 | 登录号 | 条形码 | 馆藏地/架位号 | 状态 | 备注 |
| 1 | 1120274 | 211202740 | 第二样本阅览室/ [索取号:R289.2/441] | 在馆 | |
| 2 | 1120275 | 211202759 | 第三借阅区/ [索取号:R289.2/441] | 在馆 | |
| 3 | 1120276 | 211202768 | 第三借阅区/ [索取号:R289.2/441] | 在馆 | |
| 4 | 1120277 | 211202777 | 第三借阅区/ [索取号:R289.2/441] | 在馆 | |
| 5 | 1120278 | 211202786 | 密集书库-生命科学系/ [索取号:R289.2/441] | 在馆 |